| 000 | 00763nam a2200217 a 4500 | ||
|---|---|---|---|
| 001 | 000005590 | ||
| 005 | 20200929151723.0 | ||
| 008 | 090820s1995 sp a 000 spa d | ||
| 020 | _a8400075455 | ||
| 040 | _aDO-SdBNP | ||
| 082 |
_a622 _bA454d |
||
| 100 | 1 |
_aAlonso, Ricardo N. _915781 |
|
| 245 | 1 | 0 |
_aDiccionario minero : _bGlosario de voces utilizadas por los mineros de Iberoamérica / _cRicardo N. Alonso. |
| 260 |
_aMadrid, : _bMuseo Nacional de Ciencias Naturales, Consejo Superior de Investigaciones Científicas, _c1995. |
||
| 300 |
_a263 p. : _bil ; _c24 cm. |
||
| 490 | 1 | _aMonografías | |
| 500 | _aIncluye referencias bibliograficas | ||
| 650 | 4 |
_aMineria _zAmérica Española _xDiccionarios _915782 |
|
| 830 | 0 |
_aMonografías _915334 |
|
| 049 | _aBNPD | ||
| 999 |
_c5389 _d5389 |
||